[Event "European Rapid 2022"]
[Site "Katowice POL"]
[Date "2022.12.17"]
[Round "3.60"]
[White "Bartel, Michal"]
[Black "Gretarsson, Helgi Ass"]
[Result "0-1"]
[WhiteTitle "FM"]
[BlackTitle "GM"]
[WhiteElo "2250"]
[BlackElo "2451"]
[WhiteFideId "1119257"]
[BlackFideId "2300699"]
[EventDate "2022.12.17"]

1. e4 g6 2. g3 Bg7 3. Bg2 c5 4. Ne2 Nc6 5. c3 e5 6. d3 Nge7 7. Be3 d6 8. d4 exd4
9. cxd4 Qb6 10. Nd2 cxd4 11. Bf4 Ne5 12. Nb3 d3 13. Bxe5 dxe5 14. Qxd3 O-O 15.
O-O Rd8 16. Qc2 Be6 17. Rfd1 Nc6 18. Nc3 Nb4 19. Qe2 Nxa2 20. Nc1 Nxc3 21. bxc3
Qc5 22. Rxd8+ Rxd8 23. Qe1 Bh6 24. Ne2 a5 25. c4 b6 26. Nc3 Bd2 27. Qd1 Rd4 28.
Na4 Qc7 29. Qb3 Bb4 30. Nb2 b5 31. Rc1 bxc4 32. Qa4 Rd2 33. Nd1 Qc5 34. Bf1 Qd4
35. Ne3 Rxf2 36. Kxf2 Qd2+ 37. Be2 Bc5 38. Rc2 Qxe3+ 39. Ke1 Bb4+ 40. Kd1 Qg1+
41. Bf1 Qxf1# 0-1

[Event "European Rapid 2022"]
[Site "Katowice POL"]
[Date "2022.12.17"]
[Round "3.61"]
[White "Monroy, Charles"]
[Black "Dzierzak, Radoslaw"]
[Result "1/2-1/2"]
[WhiteTitle "IM"]
[BlackTitle "FM"]
[WhiteElo "2395"]
[BlackElo "2211"]
[WhiteFideId "621641"]
[BlackFideId "1161407"]
[EventDate "2022.12.17"]

1. Nf3 Nf6 2. c4 e6 3. g3 d5 4. Bg2 dxc4 5. Qa4+ Nbd7 6. Qxc4 a6 7. O-O b5 8.
Qc2 Bb7 9. a4 c5 10. Nc3 Qb6 11. d3 Be7 12. e4 O-O 13. h3 c4 14. Be3 cxd3 15.
Qxd3 Bc5 16. axb5 Bxe3 17. Qxe3 Qxe3 18. fxe3 axb5 19. Rxa8 Rxa8 20. e5 b4 21.
exf6 bxc3 22. bxc3 Nxf6 23. c4 Kf8 24. Rb1 Be4 25. Ne5 Bxb1 26. Bxa8 Be4 27.
Bxe4 Nxe4 28. Kg2 Ke7 29. Kf3 f5 30. g4 Ng5+ 31. Kg3 Kd6 32. Nd3 Ne4+ 33. Kh4 g6
34. gxf5 exf5 35. Nb4 Kc5 36. Nd3+ Kxc4 37. Ne5+ Kc3 38. Nxg6 Kd3 39. Ne7 Kxe3
40. Nxf5+ Kf4 41. Nd4 Nf2 42. Ne6+ Kf5 43. Nd4+ Ke4 44. Ne6 Nxh3 45. Kxh3 Kf5
46. Nc5 h5 47. Kh4 Ke5 48. Kxh5 1/2-1/2

[Event "European Rapid 2022"]
[Site "Katowice POL"]
[Date "2022.12.17"]
[Round "3.62"]
[White "Mondrzycki, Bartlomiej"]
[Black "Jarmula, Lukasz"]
[Result "1/2-1/2"]
[WhiteTitle "CM"]
[BlackTitle "GM"]
[WhiteElo "2264"]
[BlackElo "2469"]
[WhiteFideId "1137476"]
[BlackFideId "1160664"]
[EventDate "2022.12.17"]

1. Nf3 b6 2. g3 Bb7 3. Bg2 c5 4. c4 g6 5. d4 cxd4 6. Qxd4 Nf6 7. O-O Bg7 8. Nc3
d6 9. Bg5 Nbd7 10. Rfd1 h6 11. Be3 Rc8 12. b3 a6 13. Rac1 O-O 14. Qd2 Kh7 15. h3
Nc5 16. Bd4 Ne6 17. Be3 Bc6 18. Nd5 Ne4 19. Qb4 b5 20. cxb5 Bxd5 21. Rxc8 Qxc8
22. Rxd5 Nc3 23. Rd2 Nxb5 24. Qe4 Nc3 25. Qd3 Nc5 26. Bxc5 Qxc5 27. e3 Qa5 28.
Nd4 Bxd4 29. Qxd4 Nxa2 30. h4 Nc1 31. Qd5 Qxd5 32. Bxd5 e6 33. Bc4 d5 34. Bxa6
Nxb3 35. Rc2 Ra8 36. Bd3 Ra1+ 37. Kg2 Rc1 38. Rb2 Rc3 39. Bc2 Na5 40. h5 Kg7 41.
hxg6 fxg6 42. Bb1 Rb3 43. Ra2 Nc4 44. Ra7+ Kf6 45. Ba2 Ra3 46. Rxa3 Nxa3 47. Bb3
Nb5 48. Ba4 Nc3 49. Bc6 h5 50. Be8 Ne4 51. Bd7 Ke7 52. Bb5 Nf6 53. Bd3 g5 54.
Bg6 Kd6 55. Bf7 e5 56. Bg6 Kc5 57. f4 gxf4 58. gxf4 e4 59. Kg3 Ng4 60. f5 Kd6
61. Bxh5 Nxe3 62. Kf4 Nc4 63. f6 Ne5 64. f7 Nd7 65. Bg6 Nf8 66. Bxe4 dxe4 67.
Kxe4 1/2-1/2

[Event "European Rapid 2022"]
[Site "Katowice POL"]
[Date "2022.12.17"]
[Round "3.63"]
[White "Hunt, Harriet V"]
[Black "Hasterok, Mateusz"]
[Result "1-0"]
[WhiteTitle "IM"]
[WhiteElo "2348"]
[BlackElo "2162"]
[WhiteFideId "403512"]
[BlackFideId "21822352"]
[EventDate "2022.12.17"]

1. e4 c5 2. Nf3 e6 3. d4 cxd4 4. Nxd4 a6 5. Bd3 Nc6 6. Nxc6 dxc6 7. O-O e5 8.
Nd2 Nf6 9. Nc4 Qc7 10. a4 Bc5 11. Qf3 b5 12. axb5 cxb5 13. Ne3 Bb7 14. Nf5 Bf8
15. Bg5 Qc6 16. Rfe1 h6 17. Bh4 g6 18. Nd4 exd4 19. Bxf6 Rg8 20. Bxd4 O-O-O 21.
Qxf7 Bd6 22. Ba7 Rgf8 23. Qe6+ Kc7 24. Qh3 h5 25. e5 Bc5 26. Bxc5 Qxc5 27. Re3
Kb8 28. Qg3 Ka7 29. e6 Qe7 30. Bxb5 h4 31. Qg4 Qf6 32. Qe2 Qxb2 33. Rea3 Rd2 34.
Rxa6+ Bxa6 35. Rxa6+ Kb8 36. Qxd2 Qxb5 37. Qd6+ Kb7 38. Ra1 Ra8 39. Rd1 Rc8 40.
Qe7+ Kb6 41. Qxh4 Rxc2 42. h3 Re2 43. Qd4+ Kb7 44. Qd7+ Kb6 45. Rd6+ Ka5 46. Rd5 1-0

[Event "European Rapid 2022"]
[Site "Katowice POL"]
[Date "2022.12.17"]
[Round "3.64"]
[White "Plichta, Kamil"]
[Black "Froewis, Annika"]
[Result "1-0"]
[WhiteTitle "FM"]
[BlackTitle "WFM"]
[WhiteElo "2394"]
[BlackElo "2114"]
[WhiteFideId "1141830"]
[BlackFideId "1621432"]
[EventDate "2022.12.17"]

1. e4 e5 2. Nf3 Nc6 3. Bc4 Bc5 4. c3 Nf6 5. d4 exd4 6. e5 d5 7. Be2 Ne4 8. cxd4
Bb4+ 9. Bd2 Nxd2 10. Nbxd2 O-O 11. O-O f6 12. Bb5 Ne7 13. a3 Bxd2 14. Qxd2 c6
15. Bd3 Bf5 16. Rfe1 fxe5 17. Rxe5 Bxd3 18. Qxd3 Ng6 19. Rh5 Qf6 20. Re1 h6 21.
Qe3 Nf4 22. Re5 Qg6 23. g3 Qg4 24. Re7 Nh3+ 25. Kg2 Nf4+ 26. Kg1 Nh3+ 27. Kg2
Nf4+ 28. Kh1 Nh3 29. Ne5 Qf5 30. f4 Rae8 31. Nxc6 Rc8 32. Re5 Qc2 33. Ne7+ Kh8
34. Qe2 Qxe2 35. R5xe2 Rc4 36. Ng6+ Kg8 37. Nxf8 Kxf8 38. Kg2 1-0

[Event "European Rapid 2022"]
[Site "Katowice POL"]
[Date "2022.12.17"]
[Round "3.65"]
[White "Hrabinska, Myroslava"]
[Black "Kyc, Jerzy"]
[Result "1-0"]
[WhiteTitle "WGM"]
[WhiteElo "2210"]
[BlackElo "2230"]
[WhiteFideId "14109190"]
[BlackFideId "1163922"]
[EventDate "2022.12.17"]

1. e4 c5 2. b4 cxb4 3. a3 e5 4. Nf3 Nc6 5. Bc4 bxa3 6. O-O Be7 7. c3 Nf6 8. d4
d6 9. Bxa3 Bg4 10. Qb3 O-O 11. dxe5 Nxe5 12. Nxe5 dxe5 13. Qxb7 Bxa3 14. Nxa3
Rc8 15. Qxa7 Qd2 16. f3 Ra8 17. Qf2 Qxc3 18. Rfc1 Qb4 19. Rcb1 Qe7 20. Nc2 Be6
21. Bxe6 Qxe6 22. Ne3 Rxa1 23. Rxa1 Rd8 24. Rd1 Rxd1+ 25. Nxd1 Nh5 26. Qd2 g6
27. Ne3 Nf4 28. Nd5 Qd6 29. Qa5 Nxd5 30. exd5 Kg7 31. Qb5 Kf6 32. h3 Qc7 33.
Qa6+ Ke7 34. Qa3+ Qd6 35. Qa5 h5 36. Qa7+ Qd7 37. Qc5+ Qd6 38. Qa7+ Kf6 39. Qa8
Qc5+ 40. Kh2 Qd6 41. Kg1 h4 42. Kf1 Qc7 43. Qa6+ Kg5 44. d6 Qc1+ 45. Ke2 Qc2+
46. Kf1 Qd1+ 47. Kf2 Qd2+ 48. Kf1 f5 49. Qc6 Kf4 50. d7 Qd1+ 51. Kf2 Qd2+ 52.
Kf1 g5 53. d8=Q Qxd8 54. Qc1+ Kg3 55. Qe1+ Kh2 56. Qxe5+ f4 57. Qe2 Kh1 58. g4 1-0

[Event "European Rapid 2022"]
[Site "Katowice POL"]
[Date "2022.12.17"]
[Round "3.66"]
[White "Diermair, Andreas"]
[Black "Kumor, Lukasz"]
[Result "1/2-1/2"]
[WhiteTitle "GM"]
[WhiteElo "2446"]
[BlackElo "2052"]
[WhiteFideId "1612468"]
[BlackFideId "1120573"]
[EventDate "2022.12.17"]

1. Nf3 c5 2. c4 Nc6 3. Nc3 g6 4. e3 Nf6 5. d4 cxd4 6. exd4 d5 7. cxd5 Nxd5 8.
Qb3 Nxc3 9. Bc4 e6 10. bxc3 Bg7 11. Ba3 Ne7 12. Bb5+ Bd7 13. Rb1 b6 14. O-O O-O
15. Rfe1 Re8 16. Ba6 Bc6 17. Ne5 Bxe5 18. Rxe5 Nd5 19. Bf1 Rc8 20. c4 Nf6 21.
Bb2 Ne4 22. Qe3 Nd6 23. Re1 Bd7 24. Qc3 f6 25. R5e3 b5 26. c5 Nf5 27. Re4 Kf7
28. Qh3 h5 29. Qb3 Bc6 30. Rxe6 Rxe6 31. Qxe6+ Kg7 32. d5 Bxd5 33. Bxf6+ Kh6 34.
Qe5 Qd7 35. h4 Bc6 36. Qf4+ Kh7 37. Bc3 Re8 38. Rxe8 Qxe8 39. Qc7+ Qd7 40. Qe5
Qg7 41. Qe1 Qe7 42. Qxe7+ Nxe7 43. f3 a6 44. Kf2 Nd5 45. Bd2 Kg7 46. g4 Kf6 47.
Bd3 hxg4 48. fxg4 Nc7 49. Bc3+ Kf7 50. Be5 Ne6 51. h5 gxh5 52. gxh5 Nxc5 53.
Bg6+ Kg8 54. h6 Ne4+ 55. Ke3 Ng5 56. Kf4 Nh7 57. Bg7 Bd5 58. a3 Nf8 59. Ke5 Bc4
60. Bf5 a5 61. Bxf8 Kxf8 62. Kf6 Kg8 1/2-1/2

[Event "European Rapid 2022"]
[Site "Katowice POL"]
[Date "2022.12.17"]
[Round "3.67"]
[White "Lach, Aleksandra"]
[Black "Alexakis, Dimitris"]
[Result "0-1"]
[WhiteTitle "WIM"]
[BlackTitle "IM"]
[WhiteElo "2191"]
[BlackElo "2486"]
[WhiteFideId "1134299"]
[BlackFideId "4277023"]
[EventDate "2022.12.17"]

1. e4 c5 2. Nc3 a6 3. g3 b5 4. Bg2 Bb7 5. Nge2 e6 6. d4 cxd4 7. Nxd4 Nc6 8. O-O
Nxd4 9. Qxd4 Ne7 10. Bf4 Nc6 11. Qd2 d6 12. Rad1 Ne5 13. a4 bxa4 14. Nxa4 Qc7
15. Qd4 Be7 16. b3 Rd8 17. c4 Bf6 18. Qd2 O-O 19. Be3 Qb8 20. f4 Nc6 21. Bb6 Ba8
22. Kh1 Rd7 23. b4 Be7 24. b5 axb5 25. cxb5 Na7 26. Nc5 Rfd8 27. Nxd7 Rxd7 28.
Bxa7 Rxa7 29. Rb1 Qb6 30. Qf2 Bd8 31. Qxb6 Bxb6 32. Ra1 Rxa1 33. Rxa1 Bb7 34.
Rd1 Bc7 35. b6 Bb8 36. Kg1 Kf8 37. Kf2 Ke7 38. Ke3 Kd7 39. Rc1 g6 40. Bf1 Bc6
41. Kd4 f5 42. e5 g5 43. Ba6 dxe5+ 44. fxe5 h5 45. Bc8+ Kxc8 46. Rxc6+ Kd7 47.
Rc2 g4 48. Kc5 Bxe5 49. Rd2+ Ke7 50. Kc6 h4 51. gxh4 f4 52. Kb7 f3 53. Kc8 Bf4
54. b7 Kf6 55. b8=Q Bxb8 56. Kxb8 e5 57. Rd8 e4 58. Rf8+ Ke7 59. Rf4 e3 60. Re4+
Kf7 61. Rf4+ Ke7 62. Re4+ Kf6 63. Rxg4 f2 64. Rf4+ Ke5 65. Rf8 e2 66. Rxf2 e1=Q
67. Rf8 Qb4+ 0-1

[Event "European Rapid 2022"]
[Site "Katowice POL"]
[Date "2022.12.17"]
[Round "3.68"]
[White "Grinev, Valeriy"]
[Black "Kacprzak, Kacper"]
[Result "1/2-1/2"]
[WhiteTitle "IM"]
[WhiteElo "2425"]
[BlackElo "2289"]
[WhiteFideId "14117517"]
[BlackFideId "21819319"]
[EventDate "2022.12.17"]

1. d4 Nf6 2. c4 e6 3. g3 c5 4. Nf3 cxd4 5. Nxd4 Qc7 6. Bg2 Qxc4 7. O-O d5 8. Bg5
Be7 9. Na3 Qb4 10. Nab5 Na6 11. Bd2 Qc5 12. Ba5 Bd8 13. Bxd8 Kxd8 14. Rc1 Qb6
15. e4 Bd7 16. exd5 exd5 17. Nc3 Nc7 18. Qd2 Re8 19. Rfd1 Ke7 20. b3 Kf8 21. Na4
Bxa4 22. bxa4 Ne6 23. Nf5 Kg8 24. a5 Qd8 25. Qb4 b6 26. axb6 Qxb6 27. Ne7+ Kh8
28. Qxb6 axb6 29. Nxd5 Rxa2 30. Nxf6 gxf6 31. Rb1 Rb8 32. Rd7 Kg8 33. Bd5 Ra5
34. Rd6 Rd8 35. Rxd8+ Nxd8 36. Bf3 Ra6 37. Be2 Ra2 38. Kf1 Ne6 39. Rxb6 Ra7 40.
Bc4 Re7 41. h4 Kg7 42. Kg2 h6 43. Rd6 Nc5 44. Rc6 Ne6 45. Ba2 Nd4 46. Rc4 Ra7
47. Bb1 Rd7 48. Kh3 Nf3 49. Rg4+ Kf8 50. Rf4 Nd2 51. Ba2 Kg7 52. Kg2 Ra7 53. Bd5
Rd7 54. Rd4 Nb1 55. Rg4+ Kf8 56. Be4 Nc3 57. Bh7 Rd2 58. Rc4 Nd1 59. Rf4 Kg7 60.
Be4 Ne3+ 61. Kg1 Rd1+ 62. Kh2 Rd2 63. Bc6 Rc2 64. Ba4 Rd2 65. Kh3 Nd1 66. Bxd1 1/2-1/2

[Event "European Rapid 2022"]
[Site "Katowice POL"]
[Date "2022.12.17"]
[Round "3.69"]
[White "Morkunas, Gustas"]
[Black "Uruci, Endrit"]
[Result "0-1"]
[WhiteTitle "FM"]
[BlackTitle "FM"]
[WhiteElo "2110"]
[BlackElo "2297"]
[WhiteFideId "12831026"]
[BlackFideId "22100199"]
[EventDate "2022.12.17"]

1. e4 c5 2. Nf3 Nc6 3. d4 cxd4 4. Nxd4 e5 5. Nb5 a6 6. Nd6+ Bxd6 7. Qxd6 Qe7 8.
Qxe7+ Ngxe7 9. Nc3 d5 10. exd5 Nb4 11. Bd3 Bf5 12. Bxf5 Nxf5 13. O-O Nxc2 14.
Rb1 O-O 15. Rd1 Rfd8 16. g4 Nd6 17. b3 Rac8 18. Bb2 Nd4 19. Kf1 f6 20. Rbc1 Nf3
21. h3 Kf7 22. Na4 Rxc1 23. Rxc1 Nb5 24. Rc5 Ng5 25. Nb6 Ne4 26. Rc2 Rd6 27. Nc8
Rxd5 28. a4 Nbd6 29. Rc7+ Ke8 30. Nxd6+ Rxd6 31. Ba3 Rd7 32. Rc8+ Kf7 33. h4
Nd2+ 34. Kg2 Nxb3 35. h5 Nd4 36. Rf8+ Ke6 37. Rh8 h6 38. Re8+ Kd5 39. Rc8 Ne6
40. Kg3 Rc7 0-1

[Event "European Rapid 2022"]
[Site "Katowice POL"]
[Date "2022.12.17"]
[Round "3.70"]
[White "Kozak, Antoni"]
[Black "Aymerich Verdaguer, Eduard"]
[Result "1-0"]
[BlackTitle "CM"]
[WhiteElo "2422"]
[BlackElo "2208"]
[WhiteFideId "21832030"]
[BlackFideId "32049293"]
[EventDate "2022.12.17"]

1. d4 Nf6 2. c4 g6 3. Nc3 Bg7 4. e4 d6 5. h3 O-O 6. Be3 a6 7. Nf3 c5 8. Be2 Nc6
9. O-O b6 10. d5 Na5 11. a3 e5 12. b4 Nb7 13. Ne1 Ne8 14. Nd3 f5 15. Rb1 Qh4 16.
f3 Bh6 17. Bf2 Qd8 18. Na4 Rb8 19. bxc5 bxc5 20. Nb6 Nf6 21. Nxc8 Qxc8 22. exf5
gxf5 23. Rb6 Rf7 24. f4 e4 25. Ne5 dxe5 26. fxe5 Bg5 27. Rc6 Qd8 28. exf6 Bxf6
29. d6 Kh8 30. Qd5 Rg7 31. Rb1 Na5 32. Rxb8 Qxb8 33. Rxc5 Nb7 34. Rc6 Nd8 35.
Rb6 Qc8 36. c5 e3 37. Bxe3 f4 38. Bd4 Bxd4+ 39. Qxd4 Qxh3 40. Qxg7+ 1-0

[Event "European Rapid 2022"]
[Site "Katowice POL"]
[Date "2022.12.17"]
[Round "3.71"]
[White "Caprino, Marco"]
[Black "Langheinrich, Ferenc"]
[Result "1/2-1/2"]
[BlackTitle "IM"]
[WhiteElo "2074"]
[BlackElo "2381"]
[WhiteFideId "841323"]
[BlackFideId "4641973"]
[EventDate "2022.12.17"]

1. e4 g6 2. Nc3 Bg7 3. f4 c6 4. Nf3 d5 5. e5 h5 6. d4 Nh6 7. Be3 Bg4 8. h3 Bxf3
9. Qxf3 Nf5 10. Bf2 h4 11. Bd3 e6 12. Nd1 Nd7 13. O-O Bf8 14. c3 c5 15. Ne3 Nxe3
16. Bxe3 Qb6 17. Rf2 Be7 18. a3 c4 19. Bb1 Qc6 20. Bc2 O-O-O 21. a4 Kb8 22. a5
b5 23. axb6 axb6 24. Rff1 b5 25. b4 Kb7 26. Qg4 Nb6 27. Bf2 Ra8 28. Rxa8 Nxa8
29. Ra1 Nb6 30. Ra5 Bd8 31. Ra1 Be7 32. Ra5 Bd8 33. Ra1 Be7 34. Ra5 Bd8 1/2-1/2

[Event "European Rapid 2022"]
[Site "Katowice POL"]
[Date "2022.12.17"]
[Round "3.72"]
[White "Fus, Jakub"]
[Black "Baliasnyj, Timur"]
[Result "1-0"]
[WhiteTitle "FM"]
[WhiteElo "2405"]
[BlackElo "2197"]
[WhiteFideId "1193023"]
[BlackFideId "12802719"]
[EventDate "2022.12.17"]

1. Nf3 Nf6 2. b3 g6 3. Bb2 Bg7 4. g3 O-O 5. Bg2 c5 6. c4 Nc6 7. O-O a6 8. d4
cxd4 9. Nxd4 Rb8 10. Nc3 Nxd4 11. Qxd4 d6 12. Rfd1 Be6 13. a4 Qa5 14. Qd2 Rfc8
15. e3 Qh5 16. Ne2 Bg4 17. Nf4 Qc5 18. Rdc1 Bf5 19. Bd4 Qc7 20. a5 Qd7 21. Bc3
e5 22. Nd5 Ne4 23. Qb2 Nxc3 24. Nb6 Qe6 25. Nxc8 Qxc8 26. Qxc3 e4 27. Qd2 Bxa1
28. Rxa1 Qc5 29. Rc1 Rd8 30. b4 Qe5 31. Rd1 Be6 32. Qd4 Rc8 33. Qxe5 dxe5 34. c5
f5 35. Bf1 Kf7 36. Be2 Ke7 37. Kf1 Rc7 38. Rd6 Rd7 39. Rxd7+ Kxd7 40. Ke1 Kc6
41. Kd2 Ba2 42. Kc3 Kd5 43. Bd1 Bc4 44. Bb3 Bxb3 45. Kxb3 g5 46. Kc3 h6 47. Kb3 1-0

[Event "European Rapid 2022"]
[Site "Katowice POL"]
[Date "2022.12.17"]
[Round "3.73"]
[White "Minald, Andrey"]
[Black "Kjartansson, Gudmundur"]
[Result "0-1"]
[BlackTitle "GM"]
[WhiteElo "2091"]
[BlackElo "2453"]
[WhiteFideId "13506854"]
[BlackFideId "2301318"]
[EventDate "2022.12.17"]

1. c4 e5 2. Nc3 Nc6 3. g3 Bc5 4. Bg2 a6 5. e3 d6 6. Nge2 Ba7 7. O-O h5 8. d4 h4
9. a3 hxg3 10. fxg3 Nf6 11. b4 Bg4 12. c5 Qd7 13. Nd5 Bh3 14. Rxf6 Bxg2 15. Kxg2
Qh3+ 16. Kf2 Qxh2+ 17. Ke1 Qh1+ 18. Rf1 Qxd5 19. Bb2 exd4 20. exd4 O-O-O 21. Qc2
g6 22. Rc1 Rh2 23. Qc4 Re8 24. Rf2 Rxf2 25. Kxf2 Qf5+ 26. Ke1 d5 27. Qc3 Qe4 28.
Rc2 Nxd4 29. Qxd4 Qxc2 30. Qd2 Qxd2+ 31. Kxd2 c6 32. g4 Bb8 33. Kd3 Be5 34. Bc1
Kd7 35. g5 Rh8 36. a4 Rh4 37. Bd2 Ke6 38. Ng1 Rd4+ 39. Ke2 Bf4 40. Bc3 Re4+ 41.
Kd3 Bxg5 42. Nf3 Re3+ 0-1

[Event "European Rapid 2022"]
[Site "Katowice POL"]
[Date "2022.12.17"]
[Round "3.74"]
[White "Szczurek, Krzysztof"]
[Black "Morgunov, Marc"]
[Result "1/2-1/2"]
[WhiteTitle "FM"]
[BlackTitle "FM"]
[WhiteElo "2163"]
[BlackElo "2402"]
[WhiteFideId "1185489"]
[BlackFideId "1640305"]
[EventDate "2022.12.17"]

1. Nf3 Nf6 2. c4 g6 3. g3 Bg7 4. Bg2 O-O 5. O-O d6 6. d4 Ne4 7. Nbd2 Nxd2 8.
Bxd2 e5 9. Bc3 e4 10. Nd2 f5 11. e3 Nd7 12. f3 exf3 13. Bxf3 Nf6 14. e4 fxe4 15.
Nxe4 Bh3 16. Nxf6+ Rxf6 17. Bd5+ Kh8 18. Rxf6 Qxf6 19. Bxb7 Rf8 20. Qe2 h5 21.
Bg2 Bg4 22. Qe3 Kh7 23. Re1 Rf7 24. Rf1 Qe7 25. Qxe7 Rxe7 26. Bd5 Bh3 27. Rf7
Rxf7 28. Bxf7 c5 29. dxc5 1/2-1/2

[Event "European Rapid 2022"]
[Site "Katowice POL"]
[Date "2022.12.17"]
[Round "3.75"]
[White "Maltsevskaya, Aleksandra"]
[Black "Bauer, Thomas"]
[Result "1-0"]
[WhiteTitle "IM"]
[BlackTitle "CM"]
[WhiteElo "2400"]
[BlackElo "2145"]
[WhiteFideId "24174041"]
[BlackFideId "1639293"]
[EventDate "2022.12.17"]

1. e4 d6 2. d4 Nf6 3. Bd3 g6 4. Nf3 Bg7 5. O-O O-O 6. c3 Nc6 7. Bg5 Bg4 8. h3
Bxf3 9. Qxf3 e5 10. d5 Nb8 11. c4 Nbd7 12. Nc3 h6 13. Bh4 Qe8 14. b4 a5 15. a3
Nh7 16. Nb5 Rc8 17. Rac1 Bf6 18. Bg3 Be7 19. Qe3 axb4 20. axb4 c6 21. Nc3 Bd8
22. Rcd1 Kg7 23. dxc6 bxc6 24. Be2 Bb6 25. Qd2 Bd4 26. Bd3 f5 27. Ne2 Bb6 28.
exf5 gxf5 29. Bb1 Bc7 30. f4 e4 31. Bf2 Nhf6 32. Nd4 Qg6 33. Ne6+ Kh7 34. Nxf8+
Nxf8 35. b5 Ne6 36. bxc6 d5 37. Bd4 Nxd4 38. Qxd4 Rg8 39. Rd2 dxc4 40. Qxc4 Bb6+
41. Kh1 Nh5 42. Rd7+ Kh8 43. Qc3+ Nf6 44. Qb2 Ba5 45. Rg1 Rc8 46. Ba2 e3 47. Rf7
Rxc6 48. Qb8+ Ng8 49. Rf8 Kh7 1-0

[Event "European Rapid 2022"]
[Site "Katowice POL"]
[Date "2022.12.17"]
[Round "3.76"]
[White "Krivenko, Dion"]
[Black "Petrovskyi, Vadym"]
[Result "0-1"]
[BlackTitle "FM"]
[WhiteElo "2141"]
[BlackElo "2402"]
[WhiteFideId "4508378"]
[BlackFideId "14165210"]
[EventDate "2022.12.17"]

1. e4 c5 2. Nf3 d6 3. d4 cxd4 4. Qxd4 Nc6 5. Bb5 Bd7 6. Bxc6 Bxc6 7. Nc3 Nf6 8.
Bg5 e6 9. O-O-O Be7 10. Qd3 Qa5 11. h4 O-O 12. Nd4 Rac8 13. Kb1 Rfe8 14. f4 d5
15. Bxf6 Bxf6 16. e5 Be7 17. f5 Bb4 18. Nce2 exf5 19. Qxf5 Qc7 20. Nf3 Bd7 21.
Qd3 Qb6 22. Ned4 Bc3 23. Nb3 Bxe5 24. Rhe1 Bb8 25. Ng5 Qg6 26. Rxe8+ Rxe8 27.
Qxd5 Bc6 28. Qd2 h6 29. Nf3 Qg4 30. Nbd4 Rd8 31. Qe2 Bxf3 32. Nxf3 Rxd1+ 33.
Qxd1 Qxg2 34. a3 Bc7 35. Qd5 Qf1+ 36. Ka2 Qa6 37. Nd4 Qd6 38. Qe4 Bb6 39. Nb3
Qc6 40. Qe2 g5 41. hxg5 hxg5 42. Qg4 Qf6 43. c4 Qf4 44. Qc8+ Kg7 45. c5 Bc7 46.
Qxb7 g4 47. Qd5 Be5 48. c6 g3 49. Nc5 Bf6 50. Nd3 Qd2 51. c7 g2 0-1

[Event "European Rapid 2022"]
[Site "Katowice POL"]
[Date "2022.12.17"]
[Round "3.77"]
[White "Kracht, Raphael"]
[Black "Baum, Jonasz"]
[Result "0-1"]
[BlackTitle "IM"]
[WhiteElo "2124"]
[BlackElo "2420"]
[WhiteFideId "16214382"]
[BlackFideId "1195360"]
[EventDate "2022.12.17"]

1. e4 e6 2. d4 d5 3. Nd2 c5 4. exd5 Qxd5 5. Ngf3 cxd4 6. Bc4 Qd6 7. O-O Nf6 8.
Nb3 Nc6 9. Nbxd4 Nxd4 10. Nxd4 Be7 11. c3 O-O 12. Qf3 a6 13. Re1 Qc7 14. Bd3 Bd7
15. Bg5 h6 16. Bh4 Rfe8 17. Rad1 Rad8 18. Bc2 Kf8 19. Bb3 Bc8 20. Qd3 Qa5 21.
Bxf6 Bxf6 22. Qh7 Qg5 23. Qe4 Qh4 24. Qe3 Kg8 25. Ba4 b5 26. Bc2 Bb7 27. Nf3 Qc4
28. Bb3 Qc6 29. Qf4 Rd7 30. Rxd7 Qxd7 31. Qg3 Rd8 32. h3 Qd6 33. Qg4 a5 34. a4
Qb6 35. axb5 Qxb5 36. Qc4 Qxc4 37. Bxc4 Bc6 38. Kf1 a4 39. Re2 g5 40. Rd2 Rb8
41. Ke2 Kf8 42. g3 Ke7 43. Ke3 h5 44. Nd4 Bg2 45. f3 Bxd4+ 46. cxd4 Bxh3 47. d5
Rb4 48. d6+ Kd7 49. Bd3 g4 50. f4 Kxd6 51. Bg6+ Ke7 52. Bxh5 Rb5 53. Bxf7 Kxf7
54. Rd7+ Kf6 55. Ra7 Rxb2 56. Rxa4 Rb3+ 57. Kf2 Rf3+ 58. Kg1 Rxg3+ 59. Kh2 Rg2+
60. Kh1 Rb2 61. Ra5 g3 62. Ra1 Rf2 63. Kg1 Rxf4 0-1

[Event "European Rapid 2022"]
[Site "Katowice POL"]
[Date "2022.12.17"]
[Round "3.78"]
[White "Seemann, Jakub"]
[Black "Malik, Maciej"]
[Result "1-0"]
[WhiteTitle "FM"]
[WhiteElo "2365"]
[BlackElo "1954"]
[WhiteFideId "21874697"]
[BlackFideId "21007071"]
[EventDate "2022.12.17"]

1. e4 c5 2. Nf3 Nc6 3. Bb5 g6 4. O-O Bg7 5. c3 Nf6 6. Re1 O-O 7. d4 cxd4 8. cxd4
d5 9. e5 Ne4 10. Nc3 Bg4 11. Nxe4 dxe4 12. Bxc6 bxc6 13. Rxe4 Bf5 14. Re1 Qd5
15. Be3 Rab8 16. b3 Rfd8 17. Rc1 a5 18. Rc4 Be4 19. Nd2 Bd3 20. Rc5 Qd7 21. Rxa5
Bb5 22. b4 Qf5 23. Qc1 f6 24. exf6 Qxf6 25. a4 Bd3 26. Qc3 Bf5 27. Bf4 Qxd4 28.
Qxd4 Bxd4 29. Bxb8 Rxb8 30. Rxe7 Bc3 31. Raa7 Bxd2 32. Rg7+ Kf8 33. Raf7+ Ke8
34. Rb7 Rxb7 35. Rxb7 Kd8 36. a5 Kc8 37. a6 Bd3 38. Rd7 Bxa6 39. Rxd2 Kc7 40. h4
h5 41. Kh2 Bc4 42. Rd4 1-0

[Event "European Rapid 2022"]
[Site "Katowice POL"]
[Date "2022.12.17"]
[Round "3.79"]
[White "Krainski, Aleksander"]
[Black "Mitusov, Semen"]
[Result "0-1"]
[WhiteTitle "FM"]
[BlackTitle "IM"]
[WhiteElo "2046"]
[BlackElo "2397"]
[WhiteFideId "1102400"]
[BlackFideId "14151049"]
[EventDate "2022.12.17"]

1. d4 d5 2. Nf3 Nf6 3. e3 c5 4. Be2 Nc6 5. O-O e6 6. c4 cxd4 7. cxd5 Qxd5 8.
exd4 Be7 9. Nc3 Qd8 10. Re1 O-O 11. Bg5 b6 12. Qa4 Bb7 13. Rad1 Nd5 14. Bxe7
Ncxe7 15. Ne5 a6 16. Bf3 Rc8 17. Ne4 Ng6 18. g3 Qc7 19. Ng5 Nf6 20. Bxb7 Qxb7
21. h4 Ne7 22. Qb3 Ned5 23. Rc1 h6 24. Rxc8 Qxc8 25. Ngf3 Qc7 26. Qd3 a5 27. a3
Rc8 28. Qb5 Qc2 29. Qa6 Rd8 30. Re2 Qb1+ 31. Kg2 Qf5 32. Qb7 Rf8 33. Qc6 Nh5 34.
Kh2 Nhf4 35. gxf4 Nxf4 36. Ng1 Nxe2 37. Nxe2 Qxf2+ 38. Qg2 Qxh4+ 39. Kg1 Rc8 40.
Qb7 Qe1+ 41. Kg2 Qxe2+ 0-1

[Event "European Rapid 2022"]
[Site "Katowice POL"]
[Date "2022.12.17"]
[Round "3.80"]
[White "Radzikowski, Dawid"]
[Black "Novotny, Michal"]
[Result "0-1"]
[BlackTitle "FM"]
[WhiteElo "2007"]
[BlackElo "2250"]
[WhiteFideId "1140566"]
[BlackFideId "310980"]
[EventDate "2022.12.17"]

1. e4 e6 2. d4 d5 3. Nc3 Bb4 4. Bd3 c5 5. exd5 exd5 6. Bb5+ Nc6 7. Ne2 c4 8. O-O
Ne7 9. a3 Bd6 10. Bf4 O-O 11. Bxc6 bxc6 12. Bxd6 Qxd6 13. Na4 Rb8 14. Rb1 Bf5
15. Ng3 Bg6 16. f4 Be4 17. Nxe4 dxe4 18. f5 Nd5 19. Qe1 Rfe8 20. c3 Nf4 21. Qe3
Nd3 22. f6 g6 23. Nc5 Nxc5 24. dxc5 Qf8 25. Rf4 Rb5 26. Rxe4 Rxe4 27. Qxe4 Qxc5+
28. Kh1 Rb8 29. Rd1 Qh5 30. g4 Qh3 31. Re1 Rf8 32. g5 h6 33. gxh6 Qxh6 34. Qxc6
Qd2 35. Re8 Qc1+ 36. Kg2 Qxb2+ 37. Kf1 Qb1+ 38. Ke2 Qd3+ 39. Ke1 Qxc3+ 40. Kf2
Qb2+ 41. Kg1 Qb6+ 42. Qxb6 axb6 43. Re4 Rc8 44. a4 c3 45. Re1 c2 46. Rc1 g5 47.
Kf2 Kh7 48. Ke2 Kg6 49. Kd2 Rh8 50. Kxc2 Rc8+ 51. Kd2 Rxc1 52. Kxc1 Kxf6 53. Kb2
Ke5 54. Kb3 Kd5 55. Kb4 Kc6 56. Kc4 f5 57. Kd4 f4 58. Ke4 Kc5 59. h4 gxh4 60.
Kxf4 Kb4 0-1